[Event "EU-Cup 15th final"]
[Site "Bugojno"]
[Date "1999.10.30"]
[Round "2"]
[White "Greenfeld, Alon"]
[Black "Piket, Jeroen"]
[Result "1-0"]
[WhiteElo "2538"]
[BlackElo "2635"]
[Annotator "Ribli,Z"]
[PlyCount "39"]
[EventDate "1999.10.29"]
[EventType "team-k.o."]
[EventRounds "3"]
[EventCountry "BIH"]
[SourceTitle "EXT 2020"]
[Source "ChessBase"]
[SourceDate "2019.10.17"]
[SourceVersion "1"]
[SourceVersionDate "2019.10.17"]
[SourceQuality "1"]
[WhiteTeam "Beer-Sheva Chess Club"]
[BlackTeam "Sarajevo Bosna"]
[WhiteTeamCountry "ISR"]
[BlackTeamCountry "BIH"]

{[%mdl 10240]} 1. d4 {Ftacnik} Nf6 2. c4 e6 3. Nf3 d5 4. Nc3 dxc4 {So beginnt
die Wiener Variante des Damengambits, in der Weiss Initiative und gute
Entwicklung bekommt, während Schwarz gutes taktisches Gegenspiel hat.} 5. e4
Bb4 6. Bg5 c5 7. Bxc4 cxd4 8. Nxd4 Bxc3+ 9. bxc3 {Weiss hat das Läuferpaar und
gute Entwicklung, aber sein c3P ist schwach.} Qa5 10. Bb5+ {Obwohl es gibt
Alternativen - 10.Nb5 oder 10.Bxf6 - scheint dieser Zug die beste Möglichkeit
für Weiss zu sein.} Nbd7 11. Bxf6 Qxc3+ {Schwarz muss das gefährliche Geschenk
annehmen, denn nach 11...gxf6 12.0-0 hat Weiss Angriffchancen - ohne Risiko.}
12. Kf1 gxf6 13. h4 (13. Rc1 Qb4 (13... Qa5 14. Rxc8+ Rxc8 15. Bxd7+ Ke7 (15...
Kxd7 16. Nb3+ {[%cal Rb3a5,Rd1d7]}) 16. Bxc8 Rxc8 17. h4 Rd8 18. Rh3 $18 {
[%cal Gh3a3]}) 14. h4 a6 {Mit Zugumstellung haben wir die Partiefortsetzung.})
13... a6 14. Rc1 Qb4 {Die Dame steht gut auf b4 und die bei der
a5-Damestellung siegreiche Kombination - 15.Rxc8+ Rxc8 16.Bxd7+ Kxd7 verliert
für Weiss, da nach 17.Nc2+ geht 17...Qd6 mit Gewinn.} 15. Ba4 (15. Be2 O-O 16.
Rh3 Kh8 17. Rg3 (17. Rhc3 $5) 17... Rg8 18. Rcc3 Ne5 19. Rxg8+ Kxg8 20. Rg3+
Kf8 21. Nf3 Nc6 22. e5 $1 (22. Qc1 e5 $1 23. Qh6+ Ke7 $17) 22... fxe5 23. Nxe5
Qd4 24. Nd3 $5 (24. Qxd4 Nxd4 $15) (24. Nxc6 Qxd1+ 25. Bxd1 bxc6 $15) 24... e5
{0-1 Wegner,H-Khalifman,A/Hamburg 1991/Inf 52/[Khalifman,A] (41)}) 15... Qd6 {
Ftacnik: 'Black knowlingly accepts a level of risk in this line, but white
king has not castled and lack of development is compensated by the pawn.'} (
15... Ke7 $5 16. Rh3 Nc5 17. Bb3 Bd7 18. Rc4 Qa5 19. Qc2 Rac8 20. Rhc3 b6) (
15... b5 16. Bb3 $44 {Weiss hat gute Kompensation für das Material und droht
Rc7 wie auch Nc6.} (16. Nc6 $1 {Ftacnik} Qf8 (16... Qb2 $2 17. Rc2 Qa3 18. Rh3
Qf8 19. Rhc3 bxa4 (19... Bb7 20. Na5 $18) 20. Ne5 $18) 17. Bc2 (17. Na7 Nc5 18.
Qd4 Bd7 19. Rxc5 e5 20. Qc3 bxa4 $15) 17... Bb7 18. Na5 Nc5 19. Nxb7 Nxb7 20.
Rh3 $13)) 16. Rh3 b5 (16... e5 {Ftacnik} 17. Rhc3 (17. Rd3 exd4 18. Rxd4 Qh2
19. Rxc8+ Rxc8 20. Bxd7+ Ke7 21. Bxc8 Qh1+ 22. Ke2 Qxd1+ 23. Kxd1 Rxc8 24. g4
$14) 17... Qxd4 18. Rxc8+ Ke7 19. Qxd4 exd4 20. Bxd7 Kxd7 21. R8c4 Rad8 22.
Rxd4+ Ke6 $14) 17. Rc6 $1 $40 {Eine riskante Fortsetzung, da Weiss keinen Weg
zurück hat.} Qe5 (17... Qf4 {Ftacnik} 18. Rhc3 Bb7 19. Rc7) 18. Rhc3 {[%cal
Rc3c8]} Bb7 (18... O-O $5) 19. Rc7 {Ftacnik: 'Usually white doesn't get so
much activity few moves after the opening.'} Bxe4 $2 {[#]} (19... bxa4 $1 {
Dieser Zug wäre die kritische Fortsetzung, wonach Weiss ewiges Schach hat,
aber wahrscheinlich nicht mehr.} 20. Rxb7 (20. Rxd7 Kxd7 21. Nf3+ Qd6 22. Rd3
Bd5 23. exd5 e5 $17) (20. Qxa4 O-O (20... Rd8 {Ftacnik} 21. Rxb7 Qxe4 22. Rxd7
Qb1+ 23. Ke2 Qe4+ 24. Kd2 Rxd7 25. Rc8+ Ke7 26. Qb4+ Rd6 27. Rc7+ $18)) 20...
Nc5 21. Rxc5 Qxc5 22. Qxa4+ Kf8 23. Qd7 (23. Nxe6+ fxe6 24. Qd7 Qc1+ 25. Ke2
Qc2+ $11) 23... Qc1+ 24. Ke2 Qc4+ $11 25. Kf3 Qc3+ 26. Kf4 $2 e5+ 27. Kf5 Qc8
$17) (19... Qxe4 {[%cal Rb7g2]} 20. f3 (20. Nf3 Rd8 21. Bc2 Qb4 $17) 20... Qxh4
21. Rxb7 Ne5 (21... Rd8 22. Rxd7 $1 $18) (21... bxa4 22. Kg1 $40 {[%csl Rd7,
Re8][%cal Gb7d7,Gd1d7]}) (21... Rg8 22. Nxe6 {'!' Ftacnik.} (22. Kg1 Qg5 23.
Qc2 Rd8 (23... bxa4 $2 24. Rc8+ Ke7 25. Rxd7+ Kxd7 26. Qc7#) 24. Nc6 Rc8 25.
Bb3 $14) 22... Qh1+ 23. Kf2 Rxg2+ (23... Qxg2+ 24. Ke3 $18) 24. Ke3 $18 (24.
Ke3 {Ftacnik} Qxd1 25. Nc7+ Kd8 26. Bxd1 Rb8 27. Rxb8+ Nxb8 28. Bb3 $16)) 22.
Nxe6 $1 (22. Rcc7 bxa4 23. Qxa4+ Kf8 24. Nxe6+ fxe6 25. Qa3+ $18 (25. Qxh4 $18)
) 22... fxe6 (22... Qh1+ 23. Kf2 Qxd1 24. Nc7+ $18) 23. Qd6 $18 {[%csl Re8]
[%cal Rd6e7,Re7e8]}) 20. Nf5 $1 {Dieser Zug war von Piket übersehen worden und
wegen der vielen Mattdrohungen muss er die Partie aufgeben.} (20. Nf5 $1 Rd8 (
20... Bd5 21. Rc8+ $18) (20... Nb6 21. Qd7+ $3 Nxd7 22. Rc8+ Rxc8 23. Rxc8#)
21. Rxd7 Bd5 (21... Rxd7 22. Rc8+ $18) 22. Re7+ Kf8 23. Qh5 {[%cal Rh5f7,Rf7f8]
} Bxg2+ $8 (23... exf5 {Ftacnik} 24. Rxe5 fxe5 25. Qg5 $18) 24. Kxg2 Rg8+ (
24... Qd5+ 25. f3 Rg8+ 26. Kh1 {[%cal Ga4d1] Und der a4B lässt Schwarz nicht
26... Qd1+ ziehen.} exf5 27. Rcc7 Rg6 28. Bb3 $18) 25. Kf1 Rg7 26. Rd7 $1 (26.
Nxg7 Kxe7 27. Qxe5 fxe5 $18) 26... Qb8 (26... Rxd7 27. Rc8+ $18) 27. Rxd8+ Qxd8
28. Nxg7 $18) 1-0

[Event "RUS-CHN Summit (Women) 2nd"]
[Site "Moscow"]
[Date "2004.08.10"]
[Round "1"]
[White "Zhao, Xue"]
[Black "Zaiatz, Elena"]
[Result "1-0"]
[WhiteElo "2477"]
[BlackElo "2405"]
[Annotator "Ribli,Z"]
[PlyCount "139"]
[EventDate "2004.08.10"]
[EventType "schev"]
[EventRounds "6"]
[EventCountry "RUS"]
[SourceTitle "CBM 103"]
[Source "ChessBase"]
[SourceDate "2004.11.11"]
[SourceVersion "1"]
[SourceVersionDate "2004.11.11"]
[SourceQuality "1"]
[WhiteTeam "China"]
[BlackTeam "Russia"]
[WhiteTeamCountry "CHN"]
[BlackTeamCountry "RUS"]

1. d4 Nf6 2. c4 e6 3. Nf3 d5 4. Nc3 dxc4 5. Bg5 {Obwohl dieser Läuferzug eine
Hauptvariante ist, wird er trotzdem in der Turnierpraxis weniger gespielt. Die
Ursache dafür ist wahrscheinlich, dass Schwarz hier mit 5...c6 fortsetzen und
die sehr unklare Botwinnik-Variante der Slawischen Verteidigung wählen kann. 5.
e4 Bb4 6.Bg5 ist die gewöhnliche Zugfolge.} Bb4 6. Qa4+ {Dieses Damenschach
wird selten gespielt.} (6. e4 {wäre die prinzipielle Fortsetzung, was zur
Hauptvariante führt.}) 6... Nc6 7. a3 (7. e4 Bd7 8. Qc2 h6 9. Bd2 Bxc3 10. Bxc3
b5 11. Be2 a5 12. O-O Nb4 13. Qb1 Bc6 14. Nd2 Nd3 {Loeffler,S-Rogozenko,D/
Hamburg 2004 [Ribli] 0-1 (54)}) 7... Bxc3+ 8. bxc3 Qd5 {Die Dame steht
exponiert auf d5, aber auf diese Weise kann Schwarz seine Bauernmehrheit
halten.} 9. Bxf6 gxf6 10. g3 {Weiss möchte mit seinem Läufer nach g2 und
dauerhaften positionellen Druck auf der Diagonalen h1-a8 ausüben.} (10. Nd2 b5
11. Qd1 Rb8 12. e4 Qd6 13. Qg4 e5 14. Qg7 Rf8 15. d5 Na5 16. Be2 Nb3 17. Nxb3
cxb3 18. Rb1 Ke7 {1/2-1/2 Gurevich,M-Ribli,Z/Reggio Emilia 1991/CBM 22 (26)}) (
10. Qc2 f5 11. g3 b6 12. Bg2 Bb7 13. O-O O-O-O 14. Nh4 Qd7 15. e4 fxe4 16. Bxe4
Na5 {0-1 Kramnik,V-Ivanchuk,V/Wijk aan Zee 1999/CBM 68 ext (52)}) 10... Bd7 11.
Qc2 Na5 12. e4 (12. Bg2 f5 13. O-O Bc6 14. Rfe1 f6 15. Nh4 Qd7 16. Bxc6 Nxc6
17. Qa4 O-O-O 18. Qxc4 Qd5 (18... f4 $5) 19. Qa4 Qa5 20. Qb3 Qd5 21. Qxd5 Rxd5
22. e3 {1-0 Pein,M-Horvath,C/Budapest 1989/TD (49)}) 12... Qc6 13. Bg2 $44 {
Die starke weisse Zentrumsstellung gibt Kompensation für den Bauern, aber ich
bin gar nicht sicher, ob das genügt.} (13. Nd2 O-O-O 14. Rb1 Qa4 15. Qb2 c5 16.
Bg2 (16. Nxc4 Bc6) (16. Bxc4 $1 Bc6 17. Bd3 $36 cxd4 $2 18. Bc2 Nc4 19. Qa2 $16
) 16... Bc6 17. O-O Nb3 18. Nxb3 cxb3 19. dxc5 Bxe4 20. Bxe4 Qxe4 21. Qxb3 Qc6
{0-1 Roeder,M-Horvath,C/Velden 1995/EXT 97 (67)}) 13... Qa4 14. Qe2 {Für Weiss
ist es notwendig, die Damen auf dem Brett halten.} Nb3 15. Rb1 Qxa3 16. O-O (
16. Qxc4 Na5 17. Qd3 a6 $17 {[%cal Gd7b5,Gb5f1]}) 16... Na5 $15 {[%mdl 1024]
Schwarz hat schon zwei Bauern mehr, aber sein König steht in der Mitte und die
weisse Figurenkoordination ist gut.} 17. e5 (17. Ra1 Qxc3 18. Rfc1 Qb4 $17)
17... f5 {Schwarz möchte die Stellung geschlossen halten.} (17... Qxc3 18. Rfc1
Qa3 19. Nd2 $44 {[%cal Gd2c4,Gd2e4]}) 18. Ng5 h6 (18... Qxc3 19. Bxb7 Nxb7 20.
Rxb7 $36) 19. Ra1 (19. Qh5 O-O-O $13 (19... Qe7 20. Nh3 c5 21. d5 $13 (21. Bxb7
$13)) (19... Qf8)) 19... Qxc3 20. Qh5 O-O-O {Endlich kann Schwarz seinen König
in Sicherheit bringen.} 21. Nxf7 Be8 {[%cal Ge8h5]} 22. Qg6 (22. Rxa5 Qxa5 23.
Bxb7+ Kxb7 (23... Kb8 24. Rb1 Qa2 25. Qd1 Bxf7 26. Bc6+ (26. Ba6+ Ka8 27. Bb7+
$11) 26... Kc8 27. Ra1 Be8 28. Rxa2 Bxc6 $16) 24. Nxd8+ Kc8 25. Qh4 Bd7 26. Nf7
Rf8 27. Nxh6 Bc6 $15) 22... Bxf7 23. Qxf7 Rde8 {Schwarz verteidigt seinen
e6-Bauern.} (23... Kb8) 24. Rfc1 Qd2 25. Qh5 $6 {Spielt Weiss auf Gewinn?} ({
Mit} 25. Rd1 $1 {konnte er das Remis durch Zugwiederholung erreichen.} Qc3 (
25... Qb4 $2 26. Rdb1 Nb3 (26... Qc3 27. Rxa5 $18) 27. Rxa7 $18) (25... Qc2 26.
Rdc1 Qd2 $11) 26. Rdc1 Qd2 $11) 25... c6 26. Rd1 Qb4 (26... Qc3 27. Rdc1 Qb4
28. Rcb1 Nb3) 27. Rdb1 Nb3 28. Rxa7 Kb8 29. Ra2 Re7 {Schwarz hat einen Bauern
mehr, aber seine Königsstellung ist angreifbar. Andererseits muss Weiss seine
Kompensation nachweisen.} 30. Rab2 Qc3 31. Qh4 Rhe8 (31... Rf7 32. Qh5 Rg7 33.
Qh4 Rg5 $17) 32. Qxh6 Qxd4 $17 33. Bf1 b5 {[%csl Gb3,Gb5,Gc4] Schwarz schwächt
seine Königsstellung, aber seine Bauernmasse ist mit Unterstützung des
Springers b3 sehr stark.} 34. Bg2 Kb7 (34... Kc7 $17) 35. Rc2 Rc7 (35... Qxe5
$142 $1 $19) 36. Qh5 Rd8 37. Qe2 Kb6 $6 (37... Qd3 $1 38. Qxd3 cxd3 39. Rc3 d2
40. Rd1 Na5 $19) 38. Ra2 Qd3 39. Qe1 Kc5 {[%csl Gc5] Der schwarze König steht
gar nicht schlecht auf c5.} (39... Rcd7 $19) 40. Bf1 Qe4 (40... Nd2 $1 41. Bxd3
Nf3+ 42. Kf1 Nxe1 $17) 41. Re2 Qd4 42. Bg2 Kb6 (42... Rcd7 $19) 43. Ra2 Kb7 (
43... Ra7 $17) 44. Qb4 Qb6 (44... Kb6 $17) (44... Qxe5 $17) 45. h4 $132 {
Weiss setzt seine Bauern am Königsflügel in Bewegung. Für Schwarz ist es
dagegen nicht so leicht, am Damenflügel weiter Fortschritte zu machen.} Rcd7
46. Kh2 Rg7 47. Rxb3 $5 {Weiss opfert die Qualität, um den starken Springer zu
vernichten.} (47. Rc2) 47... cxb3 48. Qxb3 $44 Re7 49. Rc2 Rc8 50. Rd2 {
[%csl Yd6][%cal Gd2d6]} Kb8 51. f4 {Weiss bereitet 52.Rd6 vor.} Qc5 52. Rd6 {
[%csl Rb8,Gd6][%cal Gg2a8]} Qc4 53. Qb2 Ra7 54. Qf2 Ra6 (54... b4 $1) 55. Kh3
b4 $4 {[%mdl 8192] Ein grosser Fehler in besserer Stellung. Weiss gewinnt nun
das Material zurück.} 56. Bf1 {[%csl Ra6,Rc4][%cal Rf1a6]} Qa2 57. Rd2 Qa5 58.
Bxa6 Qxa6 59. Qc5 $16 Qf1+ 60. Kh2 Qb5 61. Qd6+ Kb7 62. Qxe6 {Weiss gewinnt
den Schlüsselbauern und hat Angriff gegen den schwarzen König.} Ra8 63. Qd7+
Kb6 64. e6 $18 c5 65. Qd6+ Qc6 66. e7 Re8 67. Qe5 (67. Qd8+ $18) 67... Qe4 68.
Qd6+ Qc6 69. Qd8+ Kb5 70. Rd6 1-0

[Event "Bundesliga 0506"]
[Site "Germany"]
[Date "2005.10.22"]
[Round "1.3"]
[White "Vaganian, Rafael A"]
[Black "Ribli, Zoltan"]
[Result "1/2-1/2"]
[WhiteElo "2614"]
[BlackElo "2585"]
[Annotator "Ribli,Z"]
[PlyCount "46"]
[EventDate "2005.10.21"]
[EventType "team-tourn"]
[EventRounds "15"]
[EventCountry "GER"]
[SourceTitle "CBM 110"]
[Source "ChessBase"]
[SourceDate "2006.01.31"]
[SourceVersion "1"]
[SourceVersionDate "2006.01.31"]
[SourceQuality "1"]
[WhiteTeam "Porz"]
[BlackTeam "Tegernsee"]
[WhiteTeamCountry "GER"]
[BlackTeamCountry "GER"]

1. d4 Nf6 2. c4 e6 3. Nf3 d5 4. Nc3 dxc4 5. e4 Bb4 6. Bg5 c5 7. Bxc4 {Diese
Fortsetzung ist die Hauptvariante, aber 7.e5 ist auch spielbar.} cxd4 8. Nxd4
Bxc3+ 9. bxc3 Qa5 10. Bb5+ {Heutzutage ist dieser Zug in Mode; die
Alternativen sind 10.Bxf6 und 10.Nb5.} Bd7 11. Bxf6 gxf6 12. Bxd7+ {Dieser Zug
ist heute in Mode, früher war 12.Qb3 die Hauptvariante.} (12. Qb3 $5 a6 13. Be2
) 12... Nxd7 13. O-O a6 $5 (13... Qxc3 14. Rb1 $44) 14. Rb1 Qc7 15. Qd2 {
[%cal Gd2h6,Gf1d1,Gd1d8] Mit diesem Zug kann Weiß auf der d-Linie seine
Schwerfiguren verdoppeln und möglicherweise Qh6 spielen.} Rc8 (15... O-O 16.
Rfd1 Ne5 (16... Rad8 17. Qh6 Kh8 18. Rd3 Rg8 19. Ne2 $1 $14 Rg6 20. Qd2 Rgg8
21. Ng3 $1 {1-0 Akopian,V-Izoria,Z/Moscow 2005/CBM 106/[Ribli] (57)}) 17. Qh6
Ng6 18. Rd3 Qf4 19. Qxf4 Nxf4 20. Rg3+ Kh8 21. Rf3 e5 22. Nf5 b5 23. g3 {
1/2-1/2 Dobrov,V-Landa,K/playchess.com 2005/CBM 106 ext (23)}) (15... h5) 16.
Rfd1 b5 17. Nf3 $146 {Aufgrund des aktiven Spiels von Weiß besitzt er
ausreichende Kompensation für den Minusbauern. Er verfügt über Druck auf der
d-Linie und der gegnerische König steht unsicher.} (17. f4 Nc5 18. Qe3 Rg8 19.
Ne2 Na4 20. Kh1 Ke7 21. e5 $5 (21. c4 Qc5 $132) 21... f5 (21... Qc5 22. Rd4
fxe5 23. fxe5 Nxc3 24. Rc1 Nd5 25. Qd2 Qa3 26. Rd1 $44) 22. Rd6 {1-0 Smirnov,
P-Popov,V/Moscow 2005/CBM 106/[Ribli] (26)}) (17. Qh6 $5 $36) 17... Ke7 {
[%csl Ge7][%cal Gh8d8,Gd8d1][%mdl 4] In der Wiener Variante ist es nicht immer
leicht für Schwarz die ideale Königsstellung zu finden. Die schwarze Idee ist,
mit Rhd8 fortzusetzen.} 18. Rb4 {[%cal Gb4d4,Gd1d8]} Rhd8 19. Rd4 e5 $11 {
Auf den ersten Blick ist dieser Zug nicht schön, da er das Feld f5 schwächt,
aber sein großer Vorteil ist, dass er mit Tempo kommt und ein Remis forciert.}
(19... Nc5 20. e5 $36) (19... Nb6 20. e5 $36) (19... Ne5 20. Nxe5 fxe5 21. Qg5+
Ke8 22. R4d3 (22. Qg8+ Ke7 23. Qg5+ $11) 22... Rxd3 23. Rxd3 Rd8 24. Qg8+ Ke7
25. Qg5+ $11) 20. Rd6 (20. Nh4 exd4 21. Nf5+ Ke8 22. Ng7+ Kf8 23. Qh6 Ke7 24.
Nf5+ $11) 20... Nc5 (20... Nb6 21. Nh4 Nc4 22. Nf5+ Ke8 23. Rxd8+ Rxd8 24. Qc2)
{[#]} 21. Nh4 $8 {[%cal Gh4f5,Gf5e7][%mdl 64]} Nxe4 (21... Rxd6 $4 22. Nf5+ $18
) (21... Ke8 22. Nf5 Nxe4 23. Ng7+ $11) 22. Nf5+ Ke8 23. Ng7+ (23. Rxd8+ Rxd8
24. Ng7+ Ke7 25. Nf5+ $11) 23... Ke7 1/2-1/2

[Event "Bundesliga 0506"]
[Site "Germany"]
[Date "2006.02.19"]
[Round "11.8"]
[White "Doettling, Fabian"]
[Black "Sebastian, Dirk"]
[Result "1-0"]
[WhiteElo "2542"]
[BlackElo "2362"]
[Annotator "Ribli,Z"]
[PlyCount "133"]
[EventDate "2005.10.21"]
[EventType "team-tourn"]
[EventRounds "15"]
[EventCountry "GER"]
[SourceTitle "CBM 112"]
[Source "ChessBase"]
[SourceDate "2006.06.07"]
[SourceVersion "1"]
[SourceVersionDate "2006.06.07"]
[SourceQuality "1"]
[WhiteTeam "Baden-Baden"]
[BlackTeam "Hamburger SK"]
[WhiteTeamCountry "GER"]
[BlackTeamCountry "GER"]

1. d4 d5 2. Nf3 Nf6 3. c4 e6 4. Nc3 dxc4 5. e4 Bb4 6. Bg5 c5 7. Bxc4 {Das ist
die prinzipielle Forsetzung, aber 7.e5 cxd4 8.Nxd4 ist auch populär in der
letzten Zeit.} cxd4 8. Nxd4 Bxc3+ 9. bxc3 Qa5 10. Nb5 {Diese Variante ist
seinerzeit von Karpov gern gespielt worden, heutzutage aber ein seltener Gast
in der Turnierpraxis.} (10. Bb5+ $5) 10... Nxe4 11. Bf4 (11. Qd4 O-O $1 12.
Qxe4 a6 $13) 11... O-O 12. O-O Bd7 (12... Nd7 $5) 13. a4 Bc6 14. Bc7 (14. Qg4
Nf6 15. Qe2 a6 16. Nc7 Ra7 17. Qe3 b6 18. Nxe6 $1 Nd5 19. Qg3 fxe6 20. Bxb8 $14
{. 1-0 Karpov,A-Lautier,J/Biel 1997/CBM 060/[Ribli] (40)}) (14. Re1 Na6 15. Be5
Nac5 16. Qg4 g6 17. Qf4 a6 18. Qh6 f6 19. Bc7 b6 20. Nd4 Bd7 21. Nxe6 Bxe6 22.
Bxe6+ Nxe6 23. Rxe4 Qxc3 {1/2-1/2 Radjabov,T-Van Wely,L/Gothenburg 2005/(23)})
14... b6 15. Bd6 Nxd6 16. Qxd6 a6 17. Nc7 Qg5 18. Qg3 Qxg3 19. fxg3 Ra7 20.
Nxe6 fxe6 (20... Rc8 21. Ng5 Be8 22. Rae1 {[%csl Gc4,Gg5][%cal Ge1e8,Gc4f7]} h6
{[#]} 23. Rxe8+ Rxe8 24. Rxf7 Rxf7 25. Bxf7+ Kf8 26. Bxe8 Kxe8 27. Ne6 {
1/2-1/2 Karpov,A-Aronian,L/Hoogeveen 2003/CBM 098/[Ribli] (41)}) 21. Bxe6+ Raf7
22. Rad1 (22. Rxf7 Rxf7 23. Rf1 Be8 24. Bxf7+ Bxf7 25. Rd1 Nc6 26. Rb1 b5 27.
axb5 Bg6 28. Rb3 axb5 29. Rxb5 $14) 22... Nd7 23. a5 $1 {[%mdl 32] Auf diese
Weise verschlechtert Weiß die schwarze Bauernstruktur am Damenflügel.} bxa5 24.
Rd6 Ba4 (24... Bb5 25. c4 Ba4 26. Rxa6 $14) 25. Rxf7 (25. Rxa6 Nf6 26. Rxa5 Bd7
) 25... Rxf7 26. Rxa6 $14 {Bis jetzt ist alles Theorie, ich analysierte diese
Variante bis zum 26. Zug mit +/= in CBM 98 schon 2003 - "nil novum sub sole".}
Kf8 27. Bxf7 Kxf7 28. Rxa5 {Weiß hat zwei Bauern und Turm gegen zwei
Leichtfiguren und seine Chancen sind etwas besser - er riskiert nichts, er
kann ruhig weiterspielen.} Bc6 29. g4 {[%mdl 4096] Weiß mobilisiert seine
Reserven.} Ke6 (29... h6 30. g5 hxg5 31. Rxg5 $14) 30. g5 Ne5 31. Ra7 Bd7 32.
Ra8 Nf7 (32... Kf5 33. Rg8 Kg6) 33. Rg8 g6 (33... Nxg5 34. Rxg7 $16) 34. h4 Ke7
{[%cal Gd7e8]} 35. Ra8 (35. Rg7 $2 Kf8 36. Rxh7 Kg8 37. Rxf7 Kxf7 38. Kf2 $11)
35... Be8 36. Ra7+ Bd7 37. Ra8 Be8 38. Ra7+ Bd7 39. Ra5 Nd6 40. Re5+ Be6 41.
Kf2 Kf7 42. Kf3 Nf5 43. g3 Ne7 44. Ke4 Bf5+ 45. Kf4 Bd7 46. c4 Nc6 47. Rd5 Ke6
48. Rd2 Na5 49. Re2+ Kf7 (49... Kd6 50. c5+ Kxc5 51. Re7 $16) 50. c5 $16 {
[%csl Gc5] Stufenweise verbessert Weiß seine Stellung, sein Freibauer steht
noch auf c5.} Nc6 51. Ke4 Ke6 (51... Be6 52. Rb2 $16) 52. Rd2 Ke7 53. Rd6 Be8
54. Kd5 Nb4+ 55. Kc4 Nc6 56. Rd1 Bd7 57. Kb5 $1 {[%csl Gb5][%cal Gb5b6] Das
ist der richtige Weg mit dem König. Weiß muss seinen c-Freibauern unterstützen.
} Nd8+ 58. Kb6 Ba4 59. Rd4 Be8 60. Re4+ Kd7 (60... Kf7 61. Kc7 Ne6+ 62. Kd6 $18
) 61. Re1 (61. c6+ $2 Nxc6 62. Rxe8 Kxe8 63. Kxc6 $11 {Interessanterweise kann
Weiß seinen Mehrbauern nicht verwerten, das Maximum, was er erreichen kann ist
der Durchbruch g4 und h5 (mit Kf6-Kf8 Königsstellung), aber in diesem Fall
kann Schwarz am einfachsten mit gxh5 und h6 remisieren.}) 61... Ne6 (61... Bf7
62. c6+ Nxc6 63. Rd1+ $18) 62. c6+ $18 Kd6 63. Rd1+ Ke5 64. c7 Nxc7 65. Kxc7
Bb5 (65... Kf5 66. Rd4 $18) 66. Rb1 Bd3 67. Rb4 1-0